000
00315nam a22001337a 4500
008
181015b xxu||||| |||| 00| 0 eng d
020
_a
0070371741
041
_a
eng
080
_a
316
100
_a
50
101
_a
SOC
245
_a
Human Societies an Introduction to Macrosociology
_c
Lenski,G
942
_2
udc
_c
BK
999
_c
49711
_d
49711